Central Library OPAC University of Rajshahi

W.B. Yeats and T. Sturge Moore: their correspondence, 1901-1937. (Record no. 21502)

MARC details
000 -LEADER
fixed length control field 00903cam a22002771 4500
001 - CONTROL NUMBER
control field 21502
003 - CONTROL NUMBER IDENTIFIER
rucl marc code BD-RjUL
005 - DATE AND TIME OF LATEST TRANSACTION
control field 20211209000708.0
008 - FIXED-LENGTH DATA ELEMENTS--GENERAL INFORMATION
fixed length control field 140304s1953 enkac 001 0aeng d
035 ## - SYSTEM CONTROL NUMBER
System control number (BD-RjUL)21566
System control number (OCoLC)544827
040 ## - CATALOGING SOURCE
Original cataloging agency DLC
Transcribing agency OTifH
Modifying agency OCoLC
-- UkOxU
-- Uk
-- BD-RjUL
Language of cataloging eng
041 ## - LANGUAGE CODE
Language code of text/sound track or separate title eng
082 ## - DEWEY DECIMAL CLASSIFICATION NUMBER
Classification number 928.2
Author mark and year YEW 1953
100 1# - MAIN ENTRY--PERSONAL NAME
Personal name Yeats, W. B.
Fuller form of name (William Butler),
Dates associated with a name 1865-1939
9 (RLIN) 66410
245 00 - TITLE STATEMENT
Title W.B. Yeats and T. Sturge Moore: their correspondence, 1901-1937.
Statement of responsibility, etc. Edited by Ursula Bridge.
260 ## - PUBLICATION, DISTRIBUTION, ETC. (IMPRINT)
Place of publication, distribution, etc. London :
Name of publisher, distributor, etc. Routledge & K. Paul,
Date of publication, distribution, etc. 1953.
300 ## - PHYSICAL DESCRIPTION
Pagination xix, 213 p. :
Illustrations illus., ports. ;
Size 22 cm.
500 ## - GENERAL NOTE
General note Includes index.
650 ## - SUBJECT ADDED ENTRY--TOPICAL TERM
Topical term or geographic name as entry element Yeats, W. B. (William Butler), 1865-1939. Correspondence
9 (RLIN) 66411
700 1# - ADDED ENTRY--PERSONAL NAME
Personal name T. Sturge Moore
Personal name Ursula Bridge
942 ## - ADDED ENTRY ELEMENTS (KOHA)
Source of classification or shelving scheme Dewey Decimal Classification
Koha item type Books
Holdings
Lost status Source of classification or shelving scheme Damaged status Not for loan Collection code Permanent Location Current Location Shelving location Date acquired Source of acquisition Cost, normal purchase price Total Checkouts Full call number Date last seen Copy number Koha item type
  Dewey Decimal Classification   Added to bundle Non-fiction Central Library, University of Rajshahi Central Library, University of Rajshahi Reading Room 02/02/1956 A.B.C 16.00   928.2 YEW 1953 04/03/2014 C-1 Books